Les cooperatives d'habitatge en cessió d'ús
Descripción Física:
1 tríptic ; il·lustracions color ; 21 cm.
Colección:
Què has de saber sobre
Materias:
Cooperatives d'habitatges
Idioma:
Catalán
MARC
| LEADER | 00000nam a22000007a 4500 | ||
|---|---|---|---|
| 001 | 27842 | ||
| 003 | Arxiu | ||
| 005 | 20260324181515.0 | ||
| 008 | 230515b spa||||| |||| 00| 0 cat d | ||
| 017 | |a B 17223-2019 | ||
| 040 | |a agdb |b cat | ||
| 245 | |a Les cooperatives d'habitatge en cessió d'ús | ||
| 246 | |a Què has de saber sobre les cooperatives d'habitatge en cessió d'ús | ||
| 260 | |a Barcelona : |b Diputació de Barcelona ; |c 2019 | ||
| 300 | |a 1 tríptic ; |b il·lustracions color ; |c 21 cm. | ||
| 490 | |a Què has de saber sobre | ||
| 650 | 0 | |9 56374 |a Cooperatives d'habitatges | |
| 710 | 1 | |a Barcelona (Catalunya : Província). |b Gerència de Serveis d'Habitatge, Urbanisme i Activitats |9 52885 | |
| 942 | |2 udc |c ARXIU |n 1 | ||
| 952 | |0 0 |1 0 |2 udc |4 0 |6 FU7579 |7 1 |9 66310 |a Arxiu |b Arxiu |d 2023-05-15 |l 0 |o FU-75-79 |p 27842 |r 2023-05-15 00:00:00 |w 2023-05-15 |y ARXIU | ||
| 999 | |c 83441 |d 83441 | ||